=LDR 00000nam 2200000 4500 =001 INLIS000000000034484 =005 20190509102042 =035 ##$$a 0010-061300000034484 =008 190509###########################0#ind## =041 ##$$a ind =082 ##$$a 792.2 =090 ##$$a 792.2, sur k =100 ##$$a Surya, Desta =245 1#$$a Komedi asoiii... tengah malam /$c Desta Surya; Penyunting, Martha =260 ##$$a [S.l} :$b milestone,$c 2009 =300 ##$$a 116 hlm., : $b Ilus., ; $c 18 cm =650 ##$$a Komedi =850 ##$$a NBPNMAT =020 ##$$a 979-9703-59-x =084 ##$$a 792.2 SUR k =710 ##$$a Martha =990 ##$$a 08900890 =990 ##$$a 21010108